000 00603nam a2200253Ia 4500
003 OSt
005 20221007100512.0
006 a|||||r|||| 00| 0
007 ta
008 221006b |||||||| |||| 00| 0 eng d
024 _a4,525
037 _cTextual
040 _aLCO
_cLCO
_beng
041 _2eng
_aeng
082 _aZ(Q2), M2
100 _aChadha P.N.
245 0 _aHindu law
250 _a6th
260 _aLucknow
_bEastern Book company India
_c1982
300 _a337
650 _aHINDU LAW
942 _hZ(Q2), M2
_cTEXL
999 _c1174088
_d1174088